From these Cryptic Clues name the UK Football Team - Statistics

General Stats
  • This quiz has been taken 1,186 times
  • The average score is 6 of 29
Answer Stats
Hint Answer % Correct
How is your Mum Motherwell
49%
The Home for James Bond's Car Aston Villa
43%
Dark Water Blackpool
42%
They play at Epsom? Derby
35%
Ms Clinton Chelsea
33%
Always Heavy Everton
33%
Bobby and Jackie are still fit Charlton Athletic
30%
Combine an Organ Liverpool
30%
Guardians of a London Green Area QPR
29%
Complete Pig Fulham
25%
Always Beating Hearts
24%
Eric's Team Morecambe
22%
In the Centre of a Suburb Middlesborough
21%
Modern Middle Age Home Newcastle
21%
What her Majesty does when she's finished with the Roller Queens Park
19%
No Place wants to be sent there Coventry City
18%
Phoned both Queen Elizabeths Rangers
14%
The Cattle crossed the river combined Oxford United
11%
An area all tied up Notts County
9%
Ahead Together Leeds United
8%
Energy Source in the Germany Countryside Sunderland
6%
What Jason talks through Bournemouth
5%
Trade Credit Celtic
5%
Mountain Harbour Torquay
5%
The Church collapsed Falkirk
4%
Thick Dick Dumbarton
2%
Finished with Ms Hepburn Dundee
2%
Mixed Heather in the Orient East Stirling
2%
Two out of 26 Academics MK Dons
2%
No matching quizzes found
Score Distribution
Percent of People with Each Score
Percentile by Number Answered
Your Score History
You have not taken this quiz